000 00654nam a2200277Ia 4500
005 20260324144120.0
008 008 260324s9999 xx 000 0 eng d
020 _a9781003271819
037 _aEBOOK
040 _aCRL
040 _beng
040 _cCRL
041 _2eng
041 _aeng
084 _qCRL
100 _aDavid Neden King
_91218136
245 0 _aLocal Government Economics in Theory and Practice
260 _bTaylor and Francis
260 _c1989
365 _a
365 _b150
856 _uhttp://www.taylorfrancis.com/books/9781003271819
942 _cEBOOK
999 _c1824343
_d1824343